=LDR 00000nam 2200000 4500 =001 INLIS000000000030763 =005 20130612132901 =008 ***********************************Ind** =035 ##$$0010-061300000030763 =041 ##$$a Ind =082 ##$$a 004 =090 ##$$a 004, Wir p =100 ##$$a Wiryana, I Made =245 ##$$a Pengelolaan pustaka menggunakan biblex, I Made Wiryana, Erniati Hasibuan =260 ##$$a 2007 $b Yogyakarta =300 ##$$a ix, 151 hlm, ilus, 23 cm =650 ##$$a Komputer =850 ##$$a NBPNMAT